| 000 | 00834cam a2200205 a 4500 | ||
|---|---|---|---|
| 001 | 000012607 | ||
| 005 | 20200929163039.0 | ||
| 008 | 750407s1967 ve a 001 0 spa d | ||
| 040 |
_aDO-SdBNP _bspa _cLC _dBNPHU |
||
| 082 |
_a327.87 _bV718h |
||
| 100 | 1 |
_aVillanueva, Carlos A., _d1865-1925. _929308 |
|
| 245 | 1 | 0 |
_aHistoria diplomática de la primera República de Venezuela / _cCarlos A. Villanueva ; edición preparada por Dr. Blas Bruni Celli. |
| 260 |
_aCaracas : _b[Talleres Gráficas Edición de Arte de Ernesto Armitano], _c1967. |
||
| 300 |
_a534 p. : _bil. ; _c23 cm. |
||
| 651 | 4 |
_aVenezuela _xRelaciones Exteriores _929309 |
|
| 651 | 4 |
_aVenezuela _xHistoria _yGUERRA DE LA INDEPENDENCIA, 1810-1822 _xFuentes _929310 |
|
| 700 | 1 |
_aBruni Celli, Blas, _d1925- _eed. _94439 |
|
| 910 | _aCatalogación por copia / LC | ||
| 049 | _aBNGR | ||
| 999 |
_c12262 _d12262 |
||